Post-transplant hypertension after kidney transplantation

Elmentve itt :
Bibliográfiai részletek
Szerzők: Borda Bernadett
Manafzadeh Amir Reza
Dokumentumtípus: Könyv
Megjelent: LAP Lambert Academinc Publishing Chisinau 2023
Tárgyszavak:
mtmt:33756178
Online Access:http://publicatio.bibl.u-szeged.hu/28398
LEADER 00703nam a2200193 i 4500
001 publ28398
005 20231003145044.0
008 231003s2023 hu o 0|| Angol d
020 |a 9786206153993 
024 7 |a 33756178  |2 mtmt 
040 |a SZTE Publicatio Repozitórium  |b hun 
041 |a Angol 
100 1 |a Borda Bernadett 
245 1 0 |a Post-transplant hypertension after kidney transplantation  |h [elektronikus dokumentum] /  |c  Borda Bernadett 
260 |a LAP Lambert Academinc Publishing  |b Chisinau  |c 2023 
300 |a 65 
650 4 |a Klinikai orvostan 
700 0 1 |a Manafzadeh Amir Reza  |e aut 
856 4 0 |u http://publicatio.bibl.u-szeged.hu/28398/1/Post-transplanthypertensionafterkidney.pdf  |z Dokumentum-elérés